Quizzes
Events
Quiz Creation
Community
Videos
Private Events
Remove Ads
Sign In
Join for FREE
Feedback
Dark Mode
Quiz Categories
Sports
Geography
Music
Movies
Television
Just For Fun
Miscellaneous
History
Literature
Language
Science
Gaming
Entertainment
Religion
Holiday
For Kids
Quiz Lab
Recent
Popular Today
Quiz Kudos Today
Editor Picks
Curator Picks
Quizzes by...
Day
Popularity
Type
Ratings
Length
Year
Community
Subscriptions
Recent Discussions
Orange Saloon
Badges
Playlists
Quests
Create
Leaderboards
Showdown
Live 5
Trivia Bingo
Activity
Puzzle Library
Sporcle Events
Private Events
Virtual Trivia
Globe League
Become a Host
Pub Owners
SporcleCon
Opinionation
Our Games
Videos
Blog
Mobile Apps
Partnerships
Remove Ads and Go Orange
Feedback
Miscellaneous
Crossword
General Knowledge
Baby Names
Logo
Food
Cars
Numbers
Grab Bag
University
College
Popular
Company
Slogans
Restaurants
Justice
Letter
Miscellaneous
Crossword
General Knowledge
Baby Names
Logo
Food
Cars
Numbers
Grab Bag
University
College
Popular
Company
Slogans
Restaurants
Justice
Letter
Random Quiz
Search Sporcle
×
Quiz Lab
Quiz Lab
Miscellaneous
Event
Type in answers that appear in a list
Type in answers that appear in a list
Classic
Best Score? Go Orange.
It Happened On: January 6 Stats
Can you name the events, births, and deaths that occurred on January 6th of the given year?
By
cheezguyty
8m
30 Questions
102 Plays
102 Plays
102 Plays
Comments
Comments
Give Quiz Kudos
Give Quiz Kudos
-
- Ratings
hide this ad
More Info
Replay
Link that replays current quiz
Next Quiz
Link to next quiz in quiz playlist
You Got
0%
They Got
Avg Score
43%
Avg Friend Score
Upgrade to see
Score Distribution
Jump to the score distribution portion of the page
Score
0/30
Timer
08:00
0
Plays Today
Description
Answer
% Correct
Events
Henry VIII
88.2%
Events
Mother Teresa
86.3%
Events
George Washington
86.3%
Events
Franklin Delano Roosevelt
84.3%
Events
New Mexico
82.4%
Events
Thomas Edison
82.4%
Events
electrical telegraph
81.4%
Deaths
Theodore Roosevelt
66.7%
Births
Rowan Atkinson
61.8%
Events
Nancy Kerrigan
54.9%
Deaths
Gregor Mendel
52.9%
Events
daylight saving time
45.1%
Events
Maria Montessori
40.2%
Births
Danny Thomas
36.3%
Births
Sun Myung Moon
34.3%
Description
Answer
% Correct
Births
Gilbert Arenas
31.4%
Births
Nancy Lopez
30.4%
Deaths
Dizzy Gillespie
28.4%
Births
Syd Barrett
27.5%
Deaths
Louis Braille
26.5%
Deaths
Catherine Scorsese
25.5%
Births
Julie Chen
24.5%
Births
Khalil Gibran
23.5%
Births
Carl Sandburg
20.6%
Deaths
Rudolf Nureyev
20.6%
Births
Jacques-Étienne Montgolfier
16.7%
Deaths
Victor Fleming
15.7%
Deaths
Lou Rawls
14.7%
Deaths
Ida Tarbell
6.9%
Deaths
Georg Cantor
2.9%
Quiz Playlist
Details
Report
Send in Message
Add To Playlist
More Info:
Classic:
Type in answers that appear in a list
Last Updated: Feb 16, 2017
Quiz Scoreboard
CHALLENGE
Sign Up to Join the Scoreboard
Show All
Scores
Hide
Comments
May contain spoilers
Recently Published
Pick 6: Fruits
by JohnFran
Miscellaneous
15s
Click the 1999 NBA Draft
by nibperrychub
Sports
2m
Alphabetical 'K' Countries by Flag Minefield
by ylime102
Geography
3m
More to Explore
Quiz From the Vault
Featured Blog Post
15 Basketball Trivia Facts You Can Be March Mad About
hide this ad
You Might Also Like...
Tags
6th
birth
death
description
Event
January
Today's Top Quizzes in Miscellaneous
Browse Miscellaneous
hide this ad
Today's Top Quizzes in Event
Browse Event
Top Contributed Quizzes in Miscellaneous
1
The JOE quick-fire general knowledge quiz: Day 166
2
The JOE quick-fire general knowledge quiz: Day 165
3
Guess the 'S' Things in 3 Words
4
Guess the 'T' Things in 3 Words
5
Guess the 'V' Things in 3 Words
6
Guess the 'W' Things in 3 Words
7
Guess the 'Y' Things in 3 Words
8
Sporcle Acrostic Puzzle XXXV
9
The JOE quick-fire general knowledge quiz: Day 164
10
Enormous Crossword: Best Actress Oscar
Explore More
Trending Topics
NBA
Anime
Marvel
Disney
Harry Potter
Crossword
Kpop
Song
NFL
The Office
Pokémon
Puzzle
Country
WWE
Soccer
hide this ad
More By:
cheezguyty
Quiz
Plays
Rating
Category
Featured
Created
Sports Team Patterns
234,650
4.42
Sports
Jun 23, 2010
A*B to Y*Z
145,047
4.32
Language
Mar 13, 2010
Word Patterns
55,536
4.62
Language
Jun 22, 2010
Word Patterns II
38,499
4.33
Language
Jun 23, 2010
Country Name Oddities
8,798
4.54
Geography
Apr 9, 2010
Go to Creator's Profile
Score Distribution
Quiz Creator Spotlight
cheezguyty
Follow
Send a Message
Quizzes Created
-
Created Quiz Play Count
-
More By This Creator
Popular Quizzes Today
1
Countries of Asia Without Outlines Minefield
2
Find the US States - No Outlines Minefield
3
Pick 6: Fruits
4
Alphabetical 'K' Countries by Flag Minefield
5
The Countries of the World
6
Click the 1999 NBA Draft
7
Match the Book to the Film X
8
Find the US States
More Miscellaneous Quizzes
Bread or Brat?
Published
Trending Quizzes
Donkey Kong Minefield
Multiplication Danger Zone
DC Extended Universe: Oldest to Newest
The 3rd Thing You Need to Know: Actresses
Minefield Map: North American Capitals
Recently Updated
Women's Final Four Teams by Year
bhenderson79
Presidents Quartet II
eogle
Anything But Clue(do)
eogle
Anything But Oceanian Capitals
eogle
Anything But 7
eogle
Anything But Thing
eogle
Word Ladder: February 29
pecheneg
Song Title Questions
pecheneg
Women's NCAA Tournament #1 Seeds
pecheneg
Celebrity Mug Shots
pecheneg
Trending Topics
Disney
Crossword
Kpop
Marvel
Harry Potter
NBA
Anime
Song
WWE
Pokémon
The Office
Puzzle
Soccer
NFL
Country
Your Account Isn't Verified!
In order to create a playlist on Sporcle, you need to verify the email address you used during registration. Go to your
Sporcle Settings
to finish the process.
Report this User
Report this user for behavior that violates our
Community Guidelines
.
Details:
Send Report
Go to the Sporcle.com Mobile Site →
Comments